LEADER 01277nam a2200301 a 4500 001 000000129548 003 CaOOAMICUS 005 20120705122929.0 008 120705s2011 it d u000 u ita r 020 $a978-88-244-5746-0 040 $aPUL$bita 082 04$a340 245 00$aCompendio di diritto bancario. 250 $a12. ed. [Aggiornato ai seguenti provvedimenti: D.Lgs. 27 gennaio 2010, n. 11; D.Lgs. 13 agosto 2010, n. 141; D.Lgs. 30 dicembre 2010, n. 239]. 260 $aNapoli :$bEsselibri-Simone,$c2011. 300 $a368 p. :$bgrafici ;$c21 cm. 490 1 $aVolumi di base ;$v35 500 $aInclude indice. 650 4$aBanche e istituti di credito$xLegislazione.$0(OLS)http://pul/subject/38795 830 0$aVolumi di base ;$v35.$0(OLS)http://pul/title/163704 850 $aPUL 852 $aPUL$W1$xDP2 Diritto e Scienze Sociali 3$y110$m340 COLL 3.35$j150036$qDDC 21$B148559$CPULBib$Z2$F148559 $H120248 $82 941 1 $a9 996 $6020$a978-88-244-5746-0$9(OLS)http://pul/number/150189 996 $6082$a340$9(OLS)http://pul/classification/419 996 $6245$aCompendio di diritto bancario$9(OLS)http://pul/title/163718 996 $6260$aNapoli :$bEsselibri-Simone$9(OLS)http://pul/publisher/67437 LEADER 01185nam a2200277 u 4500 001 000000050037 003 CaOOAMICUS 005 20070226115158.0 008 000720s1999 ii u000 u eng u 020 $a8185574365 035 $a10852588 040 $aPUL$bita 100 1 $aTherath, Antony.$0(OLS)http://pul/name/36110 245 10$aJerusalem in the gospel of John :$ban exegetical and theological inquiry into Johannine geography /$cAntony Therath. 260 $aNew Delhi :$bIntercultural Publications,$c1999. 300 $axxii, 378 p. ;$c22 cm 500 $aContiene indici. 504 $a"Bibliography": p. [318]-346. 651 4$aGerusalemme.$0(OLS)http://pul/subject/21063 850 $aPUL 852 $aPUL$W1$xSL Religione 1$y3$m9 C 104$j66376$nBK-PRI$b $qStampati$B66376$CPULBib$Z2$F66376 $H $81 941 1 $a8 961 $aINV: 82557 996 $6020$a8185574365$9(OLS)http://pul/number/63294 996 $6245$aJerusalem in the gospel of John :$ban exegetical and theological inquiry into Johannine geography$9(OLS)http://pul/title/67387 996 $6260$aNew Delhi :$bIntercultural Publications$9(OLS)http://pul/publisher/67541